Syncretic architectural heritage in Javanese Islam

Bibliographic Details
Main Author: Lee, Hee Sook (Author)
Format: Book
Published: Korea : [Hee Sook Lee] 2015
Subjects:

MARC

LEADER 00000cam a2200000 7i4500
001 0000093607
005 20200514093000.0
008 170727s2015 kn k
020 |a 9788926869437 
040 |a UniSZA   |e rda 
050 0 0 |a NA6026.6.J38   |b L44 2015 
090 0 0 |a NA6026.6.J38   |b L44 2015 
100 1 |a Lee, Hee Sook ,   |e author 
245 1 0 |a Syncretic architectural heritage in Javanese Islam   |c Hee Sook Lee 
264 1 |a Korea :   |b [Hee Sook Lee]   |c 2015 
300 |a 293 pages :   |b some colour illustration ;   |c 23 cm. 
336 |a text  |2 rdacontent 
337 |a unmediated  |2 rdamedia 
338 |a volume  |2 rdacarrier 
500 |a Syncretic architectural heritage in Javanese Islam (Korean language) 
650 0 |a Islamic architecture 
650 0 |a Islamic architecture   |z Indonesia   |z Java 
650 0 |a Mosques   |z Indonesia   |z Java 
999 |a 1000170116   |b Book   |c OPEN SHELF (30 DAYS)   |e Gong Badak Campus